Tribhuvan University Central Library

Dialects / (Record no. 76800)

MARC details
000 -LEADER
fixed length control field 00562pam a2200193 a 4500
008 - FIXED-LENGTH DATA ELEMENTS--GENERAL INFORMATION
fixed length control field 930826s1994 enkb b 001 0 eng
020 ## - INTERNATIONAL STANDARD BOOK NUMBER
International Standard Book Number 0415090385 (PB)
040 ## - CATALOGING SOURCE
-- DLC
-- DLC
-- DLC
082 00 - DEWEY DECIMAL CLASSIFICATION NUMBER
Classification number 421/T765d
Edition number 20
100 1# - MAIN ENTRY--PERSONAL NAME
Personal name Trudgill, Peter.
245 10 - TITLE STATEMENT
Title Dialects /
Statement of responsibility, etc. Peter Trudgill.
260 ## - PUBLICATION, DISTRIBUTION, ETC.
Place of publication, distribution, etc. London ;
-- New York :
Name of publisher, distributor, etc. Routledge,
Date of publication, distribution, etc. 1994.
300 ## - PHYSICAL DESCRIPTION
Extent vii, 70 p. :
490 ## - SERIES STATEMENT
Series statement Language workbooks
504 ## - BIBLIOGRAPHY, ETC. NOTE
Bibliography, etc. note Bibliography: p. 59
650 #0 - SUBJECT ADDED ENTRY--TOPICAL TERM
Topical term or geographic name entry element English language
General subdivision Dialects
Geographic subdivision Great Britain.
650 #0 - SUBJECT ADDED ENTRY--TOPICAL TERM
Topical term or geographic name entry element English language
General subdivision Dialects.
942 ## - ADDED ENTRY ELEMENTS (KOHA)
Source of classification or shelving scheme Dewey Decimal Classification
Koha item type General Collections
Holdings
Withdrawn status Lost status Source of classification or shelving scheme Damaged status Not for loan Home library Current library Shelving location Date acquired Total Checkouts Full call number Barcode Date last seen Price effective from Koha item type
    Dewey Decimal Classification     Tribhuvan University Central Library Tribhuvan University Central Library New Building 10/04/2015   427/ T765d 151249 10/04/2015 10/04/2015 General Collections